| 000 | 00672nam a22002057a 4500 | ||
|---|---|---|---|
| 001 | 2162214035923929 | ||
| 003 | UA-OsUOA | ||
| 005 | 20230725143038.0 | ||
| 008 | 230725b un ||||| |||| 00| 0 ukr d | ||
| 020 | _a9669594936 | ||
| 040 |
_aUA-OsUOA _bukr _cUA-OsUOA _dUA-OsUOA |
||
| 041 | _aukr | ||
| 080 | _a929 | ||
| 090 |
_a929 _bП16 |
||
| 100 | _aПанченко О. | ||
| 245 |
_aДержава, право і революція у визвольній концепції Анатоля Камінського _cОлександр Панченко |
||
| 300 | _a251 с. | ||
| 650 |
_2UDC _a929 Біографічні дослідження |
||
| 942 |
_2udc _cBK |
||
| 999 |
_c574687 _d574687 |
||